The long song (Record no. 49506)
[ view plain ]
| 000 -LEADER | |
|---|---|
| fixed length control field | 00773nam a2200217 a 4500 |
| 001 - CONTROL NUMBER | |
| control field | 15952014 |
| 008 - FIXED-LENGTH DATA ELEMENTS--GENERAL INFORMATION | |
| fixed length control field | 160923s2010 ||||||||||||||||| || u |
| 010 ## - LIBRARY OF CONGRESS CONTROL NUMBER | |
| LC control number | 2009043181 |
| 020 ## - INTERNATIONAL STANDARD BOOK NUMBER | |
| International Standard Book Number | 9780755359424 |
| 050 ## - LIBRARY OF CONGRESS CALL NUMBER | |
| Classification number | PR 6112.E889L66 |
| 100 ## - MAIN ENTRY--PERSONAL NAME | |
| Personal name | Levy, Andrea |
| 245 14 - TITLE STATEMENT | |
| Title | The long song |
| Statement of responsibility, etc. | Andrea Levy |
| 250 ## - EDITION STATEMENT | |
| Edition statement | 1st American ed. |
| 260 ## - PUBLICATION, DISTRIBUTION, ETC. | |
| Place of publication, distribution, etc. | London |
| Name of publisher, distributor, etc. | Headline Review |
| Date of publication, distribution, etc. | 2010 |
| 260 ## - PUBLICATION, DISTRIBUTION, ETC. | |
| Place of publication, distribution, etc. | London |
| Name of publisher, distributor, etc. | Headline Publishing Group |
| Date of publication, distribution, etc. | 2010 |
| 300 ## - PHYSICAL DESCRIPTION | |
| Extent | 421 p. |
| 350 ## - PRICE (NR) (BK AM CF MU VM SE) [OBSOLETE] | |
| Price | 17.25 |
| 500 ## - GENERAL NOTE | |
| General note | "A Frances Coady book." "Originally published in 2010 by Headline Review, Great Britain"--T.p. verso. |
| 650 ## - SUBJECT ADDED ENTRY--TOPICAL TERM | |
| Topical term or geographic name entry element | ENGLISH LANGUAGE |
| 995 ## - RECOMMENDATION 995 [LOCAL, UNIMARC FRANCE] | |
| -- | CBU-MAIN LIBRARY (Kitwe) |
| -- | 17.25 |
| -- | 1 |
| -- | AVAILABLE |
| -- | Sep 23, 2016 |
| -- | Fiction Collection |
| Withdrawn status | Lost status | Source of classification or shelving scheme | Damaged status | Not for loan | Home library | Current library | Shelving location | Date acquired | Total Checkouts | Full call number | Barcode | Date last seen | Price effective from | Koha item type |
|---|---|---|---|---|---|---|---|---|---|---|---|---|---|---|
| CBU-MAIN LIBRARY, KITWE. | CBU-MAIN LIBRARY, KITWE. | 11/30/2022 | PR 6112.E889L66 | 746780 | 11/30/2022 | 11/30/2022 | MONOGRAPH |